Kvalita života a rozvoj ľudských zdrojov v SR v transformačnom procese

Salvato in:
Dettagli Bibliografici
Autore principale: Laluha, Ivan
Altri autori: Antalová, Mária, 1952-, Pechová, Michaela, 1977-
Natura: Capitolo di libro
Lingua:slovacco
Tags: Aggiungi Tag
Nessun Tag, puoi essere il primo ad aggiungerne!!

MARC

LEADER 00000naa$a2200000$$$4500
001 0110732
005 20240502072226.6
041 0 |a slo 
044 |a SK 
245 1 0 |a Kvalita života a rozvoj ľudských zdrojov v SR v transformačnom procese  |c Ivan Laluha, Mária Antalová, Michaela Pechová 
100 1 |a Laluha, Ivan 
700 1 |a Antalová, Mária, 1952- 
700 1 |a Pechová, Michaela, 1977-